000 00290nam a22001097a 4500
082 _a808 STA'C
100 _aSTALLMAN, R. W,WATTERS, R. E
_957918
245 _aTHE CREATIVE READER AN ANTHOLOGY OF FICTION DRAMA AND POETRY
260 _aNEWYORK
_bRONALD
_c1954
300 _a923P
942 _cBK
999 _c568157
_d568157